<?xml version="1.0" encoding="UTF-8"?><?xml-stylesheet type="text/xsl" href="static/style.xsl"?><OAI-PMH xmlns="http://www.openarchives.org/OAI/2.0/" xmlns:xsi="http://www.w3.org/2001/XMLSchema-instance" xsi:schemaLocation="http://www.openarchives.org/OAI/2.0/ http://www.openarchives.org/OAI/2.0/OAI-PMH.xsd"><responseDate>2026-06-07T17:25:48Z</responseDate><request verb="GetRecord" identifier="oai:riubu.ubu.es:10259/11811" metadataPrefix="marc">https://riubu.ubu.es/oai/request</request><GetRecord><record><header><identifier>oai:riubu.ubu.es:10259/11811</identifier><datestamp>2026-06-06T00:05:32Z</datestamp><setSpec>com_10259_7068</setSpec><setSpec>com_10259_4144</setSpec><setSpec>com_10259.4_106</setSpec><setSpec>com_10259_2604</setSpec><setSpec>col_10259_7150</setSpec></header><metadata><record xmlns="http://www.loc.gov/MARC21/slim" xmlns:doc="http://www.lyncode.com/xoai" xmlns:xsi="http://www.w3.org/2001/XMLSchema-instance" xmlns:dcterms="http://purl.org/dc/terms/" xsi:schemaLocation="http://www.loc.gov/MARC21/slim http://www.loc.gov/standards/marcxml/schema/MARC21slim.xsd">
<leader>00925njm 22002777a 4500</leader>
<datafield tag="042" ind1=" " ind2=" ">
<subfield code="a">dc</subfield>
</datafield>
<datafield tag="720" ind1=" " ind2=" ">
<subfield code="a">Ruiz Hidalgo, David</subfield>
<subfield code="e">author</subfield>
</datafield>
<datafield tag="260" ind1=" " ind2=" ">
<subfield code="c">2025-12</subfield>
</datafield>
<datafield tag="520" ind1=" " ind2=" ">
<subfield code="a">Este artículo explora las percepciones de futuros docentes de inglés de Secundaria sobre el uso de la inteligencia artificial (IA) en su formación inicial. A través de un cuestionario ad hoc y un grupo focal, se recogen las opiniones de estudiantes del Máster universitario en Profesor de Educación Secundaria, Bachillerato, Formación profesional y enseñanza de Idiomas de la Universidad de Burgos. Los resultados muestran una actitud positiva hacia la IA en el aula, junto con preocupaciones éticas y necesidades formativas. Se concluye que la formación inicial es clave para promover un uso crítico, pedagógico y ético de estas tecnologías emergentes.</subfield>
</datafield>
<datafield tag="520" ind1=" " ind2=" ">
<subfield code="a">This article explores the perceptions of pre-service secondary school English teachers regarding the use of artificial intelligence (AI). An ad hoc questionnaire and a focus group were conducted with students enrolled in the Master's Degree in Secondary Education, Baccalaureate, Vocational Training, and Language Teaching at the University of Burgos. The findings reveal a generally positive attitude towards integrating AI into the classroom, while also identifying areas for development in teacher training and concerns about ethical implications. The study concludes that initial teacher education is essential for promoting a critical, pedagogical, and ethical approach to these emerging technologies.</subfield>
</datafield>
<datafield tag="024" ind2=" " ind1="8">
<subfield code="a">https://hdl.handle.net/10259/11811</subfield>
</datafield>
<datafield tag="024" ind2=" " ind1="8">
<subfield code="a">10.62701/revedu.v13.5513</subfield>
</datafield>
<datafield tag="024" ind2=" " ind1="8">
<subfield code="a">2695-9917</subfield>
</datafield>
<datafield ind1=" " ind2=" " tag="653">
<subfield code="a">Inteligencia Artificial</subfield>
</datafield>
<datafield ind1=" " ind2=" " tag="653">
<subfield code="a">Formación inicial</subfield>
</datafield>
<datafield ind1=" " ind2=" " tag="653">
<subfield code="a">Lengua extranjera</subfield>
</datafield>
<datafield ind1=" " ind2=" " tag="653">
<subfield code="a">Inglés</subfield>
</datafield>
<datafield ind1=" " ind2=" " tag="653">
<subfield code="a">Innovación</subfield>
</datafield>
<datafield ind1=" " ind2=" " tag="653">
<subfield code="a">Educación Secundaria</subfield>
</datafield>
<datafield tag="245" ind1="0" ind2="0">
<subfield code="a">La Inteligencia Artificial en la formación inicial docente de lenguas extranjeras: percepciones del futuro profesorado de inglés en secundaria</subfield>
</datafield>
</record></metadata></record></GetRecord></OAI-PMH>